US State Flags - Statistics

General Stats
  • This quiz has been taken 20 times
  • The average score is 28 of 50
Answer Stats
Picture Answer % Correct
Texas
100%
Alaska
93%
California
93%
New Mexico
93%
Maryland
87%
South Carolina
87%
Colorado
80%
Arizona
73%
Ohio
73%
Oregon
73%
Hawaii
67%
New York
67%
Tennessee
67%
Washington
67%
Wyoming
67%
Alabama
60%
Arkansas
60%
Delaware
60%
Florida
60%
Georgia
60%
Indiana
60%
Louisiana
60%
Oklahoma
60%
South Dakota
60%
Kentucky
53%
Maine
53%
Michigan
53%
Mississippi
53%
Illinois
47%
Iowa
47%
Nevada
47%
North Carolina
47%
Rhode Island
47%
Utah
47%
Wisconsin
47%
Kansas
40%
Massachusetts
40%
Missouri
40%
West Virginia
40%
Connecticut
33%
Minnesota
33%
Montana
33%
Nebraska
33%
New Jersey
33%
North Dakota
33%
Vermont
33%
Virginia
33%
Idaho
27%
New Hampshire
27%
Pennsylvania
20%
No matching quizzes found
Score Distribution
Percent of People with Each Score
Percentile by Number Answered
Your Score History
You have not taken this quiz